[Event "Metz op 37th"]
[Site "Metz"]
[Date "2019.04.09"]
[Round "2"]
[White "Solodovnichenko, Yuri"]
[Black "Lalande, Jean Louis"]
[Result "1-0"]
[WhiteElo "2554"]
[BlackElo "2038"]
[PlyCount "41"]
[EventDate "2019.04.08"]
[EventType "swiss"]
[EventRounds "9"]
[EventCountry "FRA"]
[SourceTitle "CBM 189 Extra"]
[Source "ChessBase"]
[SourceDate "2019.06.03"]
[SourceVersion "1"]
[SourceVersionDate "2019.06.03"]
[SourceQuality "1"]

1. e4 d5 2. exd5 Qxd5 3. Nc3 Qa5 4. d4 Nf6 5. Bd2 Bg4 6. f3 Bf5 7. g4 Be6 8. g5 Nh5 9. f4 g6 10. d5 Bxd5 11. b4 Qxb4 12. Nxd5 Qe4+ 13. Be3 Nd7 14. Qd4 Qxh1 15. Nxc7+ Kd8 16. Bb5 Nhf6 17. gxf6 Qc6 18. Bxc6 bxc6 19. Rd1 Kc8 20. Qxd7+ Kb7 21. Rb1# 1-0

[Event "Metz op 37th"]
[Site "Metz"]
[Date "2019.04.09"]
[Round "3"]
[White "Thomas, Anysia"]
[Black "Lalande, Jean Louis"]
[Result "1-0"]
[WhiteElo "2149"]
[BlackElo "2038"]
[PlyCount "95"]
[EventDate "2019.04.08"]
[EventType "swiss"]
[EventRounds "9"]
[EventCountry "FRA"]
[SourceTitle "CBM 189 Extra"]
[Source "ChessBase"]
[SourceDate "2019.06.03"]
[SourceVersion "1"]
[SourceVersionDate "2019.06.03"]
[SourceQuality "1"]

1. d4 d5 2. c4 dxc4 3. Nf3 Nf6 4. Nc3 c5 5. d5 e6 6. e4 exd5 7. e5 Nfd7 8. Bg5 Be7 9. Bxe7 Qxe7 10. Nxd5 Qd8 11. Qc2 Nb6 12. Nxb6 axb6 13. Bxc4 Nc6 14. 0-0 0-0 15. Rad1 Qe7 16. Qe4 Be6 17. Bd3 g6 18. a3 Rfd8 19. Qe3 Bg4 20. Rde1 Bxf3 21. Qxf3 Ra4 22. e6 fxe6 23. Bb5 Nd4 24. Qe4 Raa8 25. Bc4 Rd6 26. Re3 Qf7 27. h4 Rc6 28. Rg3 Kg7 29. h5 Qf5 30. Qh4 Qf6 31. h6+ Kf7 32. Qe4 Qf5 33. Qe3 Rf8 34. Rg5 Qf6 35. Rg4 Kg8 36. Re4 Kh8 37. b4 Nf5 38. Qh3 Nd4 39. b5 Rd6 40. Qg3 Nf5 41. Qh2 Rfd8 42. Rfe1 Rd1 43. Qf4 g5 44. Qf3 Rxe1+ 45. Rxe1 Qxh6 46. Rxe6 Qh4 47. Bd3 Nd4 48. Qe4 1-0

[Event "EU-ch 12th"]
[Site "Aix les Bains"]
[Date "2011.04.02"]
[Round "11"]
[White "Lalande, Jean Louis"]
[Black "Fauvel, Alexandre"]
[Result "1-0"]
[WhiteElo "2030"]
[BlackElo "1804"]
[PlyCount "27"]
[EventDate "2011.03.22"]
[EventType "swiss"]
[EventRounds "11"]
[EventCountry "FRA"]
[SourceTitle "CBM 142 Extra"]
[Source "ChessBase"]
[SourceDate "2011.06.27"]
[SourceVersion "1"]
[SourceVersionDate "2011.06.27"]
[SourceQuality "1"]

1. e4 c5 2. Nc3 d6 3. f4 Nc6 4. Nf3 g6 5. Bc4 Bg7 6. 0-0 e6 7. d3 Nge7 8. Qe1 0-0 9. f5 exf5 10. Qh4 Ne5 11. Nxe5 Bxe5 12. Bg5 Bxc3 13. bxc3 Re8 14. Qh6 1-0

[Event "EU-ch 12th"]
[Site "Aix les Bains"]
[Date "2011.03.26"]
[Round "5"]
[White "Csiba, Dominik"]
[Black "Lalande, Jean Louis"]
[Result "1-0"]
[WhiteElo "2378"]
[BlackElo "2030"]
[PlyCount "53"]
[EventDate "2011.03.22"]
[EventType "swiss"]
[EventRounds "11"]
[EventCountry "FRA"]
[SourceTitle "CBM 142 Extra"]
[Source "ChessBase"]
[SourceDate "2011.06.27"]
[SourceVersion "1"]
[SourceVersionDate "2011.06.27"]
[SourceQuality "1"]

1. e4 d5 2. exd5 Qxd5 3. Nc3 Qd6 4. d4 Nf6 5. Nf3 c6 6. Ne5 Nbd7 7. Nc4 Qc7 8. Qf3 Nb6 9. Ne5 Be6 10. Bf4 Nbd5 11. Bg3 Qb6 12. 0-0-0 Nxc3 13. Qxc3 Ne4 14. Qe3 Nxg3 15. hxg3 Bxa2 16. b3 a5 17. Qf3 f6 18. Qh5+ g6 19. Nxg6 0-0-0 20. Qc5 Qxc5 21. dxc5 Rxd1+ 22. Kxd1 Rg8 23. Nxf8 Rxf8 24. Kc1 a4 25. Kb2 axb3 26. cxb3 Rd8 27. Kxa2 1-0

[Event "EU-ch 12th"]
[Site "Aix les Bains"]
[Date "2011.03.24"]
[Round "3"]
[White "Mazard, Bruno"]
[Black "Lalande, Jean Louis"]
[Result "0-1"]
[WhiteElo "1491"]
[BlackElo "2030"]
[PlyCount "40"]
[EventDate "2011.03.22"]
[EventType "swiss"]
[EventRounds "11"]
[EventCountry "FRA"]
[SourceTitle "CBM 142 Extra"]
[Source "ChessBase"]
[SourceDate "2011.06.27"]
[SourceVersion "1"]
[SourceVersionDate "2011.06.27"]
[SourceQuality "1"]

1. d4 d5 2. c3 Nf6 3. Bg5 Ne4 4. Bh4 g5 5. Bg3 h5 6. h3 Nxg3 7. fxg3 Bf5 8. e3 Qd6 9. Qf3 e6 10. Bb5+ c6 11. Ba4 Nd7 12. Ne2 Qc7 13. Nd2 a5 14. e4 g4 15. Qe3 Bh6 16. Nf4 dxe4 17. Nxe4 gxh3 18. gxh3 h4 19. Rf1 Bxh3 20. Rh1 hxg3 0-1

[Event "FRA-chT1 0910"]
[Site "France"]
[Date "2009.10.17"]
[Round "2.5"]
[White "Babault, Patrice"]
[Black "Lalande, Jean Louis"]
[Result "1-0"]
[WhiteElo "2366"]
[BlackElo "2058"]
[PlyCount "51"]
[EventDate "2009.09.27"]
[EventType "team-tourn"]
[EventRounds "11"]
[EventCountry "FRA"]
[SourceTitle "EXT 2011"]
[Source "ChessBase"]
[SourceDate "2010.11.26"]
[SourceVersion "1"]
[SourceVersionDate "2010.11.26"]
[SourceQuality "1"]

1. e4 c5 2. Nf3 g6 3. c3 Bg7 4. d4 cxd4 5. cxd4 d5 6. exd5 Nf6 7. Bb5+ Nbd7 8. d6 exd6 9. Qe2+ Qe7 10. Bf4 Qxe2+ 11. Bxe2 Ke7 12. Nc3 Nb6 13. 0-0 Rd8 14. Rfe1 h6 15. d5 Kf8 16. Rad1 Bf5 17. Nd4 Nfxd5 18. Nxd5 Nxd5 19. Bc1 Bd7 20. Bf3 Nb4 21. Bf4 Bxd4 22. Bxd6+ Kg8 23. Bxb4 Bc6 24. Be4 Rd7 25. Bxc6 bxc6 26. Kf1 1-0

[Event "FRA-chT1 0910"]
[Site "France"]
[Date "2009.10.04"]
[Round "1.8"]
[White "Lalande, Jean Louis"]
[Black "Bonvalot, Isabelle"]
[Result "1-0"]
[WhiteElo "2058"]
[BlackElo "1904"]
[PlyCount "63"]
[EventDate "2009.09.27"]
[EventType "team-tourn"]
[EventRounds "11"]
[EventCountry "FRA"]
[SourceTitle "EXT 2011"]
[Source "ChessBase"]
[SourceDate "2010.11.26"]
[SourceVersion "1"]
[SourceVersionDate "2010.11.26"]
[SourceQuality "1"]

1. d4 f5 2. Bg5 g6 3. Nc3 Bg7 4. e4 d6 5. Nge2 Nc6 6. Qd2 Nf6 7. f3 0-0 8. 0-0-0 fxe4 9. Nxe4 Nxe4 10. fxe4 Bg4 11. c3 Na5 12. h3 Be6 13. Kb1 Nc4 14. Qc1 b5 15. d5 Bd7 16. Nd4 Rf2 17. Bxc4 bxc4 18. Qe3 Rf7 19. Rhf1 Bf6 20. Bh6 Qc8 21. Qe2 e5 22. Nc2 Rb8 23. Ne3 Qa6 24. Ka1 Ba4 25. Rd2 Bb3 26. a3 Ba4 27. Ng4 Bg7 28. Rxf7 Kxf7 29. Qf3+ Kg8 30. Bxg7 Qb6 31. Rf2 a5 32. Qf7# 1-0

[Event "Issy les Moulineaux tt"]
[Site "Issy les Moulineaux"]
[Date "2008.11.22"]
[Round "2.4"]
[White "Fageot, Julien"]
[Black "Lalande, Jean Louis"]
[Result "1-0"]
[WhiteElo "2022"]
[BlackElo "2089"]
[PlyCount "70"]
[EventDate "2008.10.19"]
[EventType "team-tourn"]
[EventRounds "7"]
[EventCountry "FRA"]
[SourceTitle "EXT 2010"]
[Source "ChessBase"]
[SourceDate "2010.11.25"]
[SourceVersion "1"]
[SourceVersionDate "2010.11.25"]
[SourceQuality "1"]
[WhiteTeam "Lutece"]
[BlackTeam "Saint Georges"]
[WhiteTeamCountry "FRA"]
[BlackTeamCountry "FRA"]

1. c4 e5 2. g3 Nc6 3. Bg2 d6 4. Nc3 f5 5. d3 Nf6 6. e3 g5 7. Nd5 g4 8. Ne2 Bg7 9. Nec3 a6 10. Bd2 0-0 11. h3 Be6 12. Nxf6+ Qxf6 13. Nd5 Qf7 14. hxg4 fxg4 15. Qe2 Rac8 16. Be4 Bf5 17. Bxf5 Qxf5 18. e4 Qg6 19. Be3 Kf7 20. Rh4 h5 21. f4 Ke8 22. f5 Qf7 23. 0-0-0 Rh8 24. Rdh1 Bh6 25. Bxh6 Rxh6 26. Rxh5 Rxh5 27. Rxh5 Qg7 28. Rh4 Nd4 29. Qxg4 Qxg4 30. Rxg4 Kf7 31. Rh4 Rg8 32. g4 c6 33. Rh7+ Kf8 34. Nf6 Rg7 35. Rxg7 Kxg7 1-0

[Event "FRA-chT 9900"]
[Site "France"]
[Date "2000.04.30"]
[Round "10.9"]
[White "Petitpas, Franck"]
[Black "Lalande, Jean Louis"]
[Result "1-0"]
[WhiteElo "2069"]
[BlackElo "1850"]
[PlyCount "137"]
[EventDate "1999.02.04"]
[EventType "team"]
[EventRounds "11"]
[EventCountry "FRA"]
[SourceTitle "EXT 2001"]
[Source "ChessBase"]
[SourceDate "2000.11.22"]
[SourceVersion "1"]
[SourceVersionDate "2000.11.22"]
[SourceQuality "1"]

1. e4 g6 2. d4 Bg7 3. Bc4 d6 4. Be3 a6 5. a4 Nf6 6. Nc3 Nxe4 7. Nxe4 d5 8. Bxd5 Qxd5 9. Qf3 Be6 10. Ne2 f5 11. N2c3 Qc6 12. Nc5 Qxf3 13. gxf3 Bc8 14. Nd5 Kd8 15. Bf4 Bxd4 16. Rd1 Bxc5 17. Nxc7+ Nd7 18. Nxa8 e6 19. Bc7+ Ke7 20. a5 Rg8 21. Nb6 Nxb6 22. Bxb6 Bd6 23. Be3 f4 24. Bc1 Bd7 25. c4 Rf8 26. b3 Rf5 27. Bb2 Bb4+ 28. Ke2 Bxa5 29. Ba3+ Ke8 30. Bd6 Bc3 31. Rd3 Bf6 32. Rhd1 Bc6 33. Bc7 Kf7 34. Kf1 Kg7 35. Re1 Kf7 36. Ke2 Kg7 37. Rb1 Kh6 38. Bd6 Kh5 39. Re1 Kh6 40. Kf1 e5 41. Ke2 Rh5 42. Rh1 Rh3 43. Bf8+ Kg5 44. b4 Kf5 45. Rb3 Ke6 46. Rd3 Kf7 47. Bc5 g5 48. Rb1 Ke6 49. Rd6+ Kf5 50. Rxc6 bxc6 51. Ra1 Ke6 52. Rxa6 Kd7 53. b5 cxb5 54. Rxf6 bxc4 55. Bb4 Rxh2 56. Rd6+ Ke8 57. Re6+ Kf7 58. Rxe5 h6 59. Rc5 Rh1 60. Be1 Kg6 61. Rxc4 h5 62. Rc6+ Kf5 63. Bc3 g4 64. Rf6+ Kg5 65. Be5 gxf3+ 66. Kxf3 Rh3+ 67. Kg2 Rh4 68. f3 Rh3 69. Kxh3 1-0